Pakistan Provinces by Christian percentage - Statistics

General Stats
  • This quiz has been taken 6 times
  • The average score is 4 of 5
Answer Stats
Percent Answer % Correct
1.93% (2,458,924) Punjab
100%
0.43% (62,731) Balochistan
83%
4.26% (97,281) Islamabad
83%
0.98% (546,968) Sindh
83%
0.33% (134,884) Khyber Pakhtunkhwa
67%
No matching quizzes found
Score Distribution
Percent of People with Each Score
Percentile by Number Answered
Your Score History
You have not taken this quiz